| 000 | 00670nam a2200277Ia 4500 | ||
|---|---|---|---|
| 001 | Z_4265 | ||
| 003 | CHAP | ||
| 008 | 220113s1985 xx 000 0 und d | ||
| 010 | _a167329 | ||
| 040 | _cCHAP | ||
| 090 | _aFolleto 606 | ||
| 100 |
_aAlba, Jorge de _9140239 |
||
| 245 |
_aEl criollo lechero en Turrialba / _cpor Jorge de Alba |
||
| 260 |
_aTurrialba, Costa Rica : _bCATIE, _c1985 |
||
| 300 | _a59 h. ; ilus. | ||
| 440 |
_aBoletín técnico no. 15 _9141490 |
||
| 500 | _a | ||
| 503 | _a | ||
| 650 |
_aGanado lechero _xTrópicos _945303 |
||
| 901 | _aFolleto 606 | ||
| 902 | _aA | ||
| 910 | _a1985 | ||
| 942 | _cc14 | ||
| 942 | _cc14 | ||
| 999 |
_c167329 _d167329 |
||